| 000 | 00681nam a22001457a 4500 | ||
|---|---|---|---|
| 020 | _a9505771800 | ||
| 080 | _a340.15 C 261 | ||
| 100 | _aCasal, Patricia Marcela | ||
| 245 | _aSistemas legales Contemporaneos | ||
| 260 |
_aBuenos Aires: _bEditorial de Belgrano, _c1996 |
||
| 300 | _a253 P. | ||
| 650 |
_xsistema legal romanista _xsistema continental romanista _xuniversidades _xglosadores _xpostglosadores _xderecho natural _xcodificacion _xfuentes _xley _xjurisprudencia _xdoctrina _xprincipios generales del derecho _xsistema juridico anglosajon _xCommon Law _xsistema juridico musulman _xIslam _xderecho musulman _xCoran _xsistema juridico socialista |
||
| 945 |
_acd _d2023-12-29 |
||
| 999 |
_c5358 _d235862 |
||
| 942 | _6_ | ||